000 00359nam a2200157Ia 4500
008 221030s9999 xx 000 0 und d
020 _a8186555463
041 _aEnglish
082 _a105.23
_bGup
100 _aM. Gupta
245 0 _aEngineeing Mathematics Vol. I
_cby M. Gupta
260 _c0
300 _a12.44
650 _aBE Mathematics
942 _cBK
999 _c2276
_d2276